00729nam a2200205 a 450000100060000000300080000600500170001400800410003103500190007204000310009104100080012208200220013011000600015224500960021226000420030830000330035049000560038365000280043983000560046736259BD-RjUL20211209052448.0190212s1939 ii a b 00100 eng d a(BD-RjUL)36356 bengcANLaANLdSLdBD-RjUL aeng04a338.884bFEN 19391 aFederation Of Indian Chambers Of Commerce and Industry.10aNote on Economics of Restriction /cFederation Of Indian Chambers Of Commerce and Industry. aNew Delhi: bThe Federation, c[1939] a[6], 21 p. :bIll. ;c24 cm. aFederation Research Department Publication ;vno. 1 aEconomics xRestriction aFederation Research Department Publication ;vno. 1